Spongebob-Memes - Statistiken

Allgemein
  • Dieses Quiz wurde 373 mal gespielt
  • Das Durchschnittsergebnis liegt bei 11 aus 24
Antwortstatistiken
Bildquiz Antwort % Korrekt
Nein, hier ist Patrick!
86%
Schokolade
83%
Klaus, Klaus, Klaus
74%
24
68%
Ich liebe Sie
68%
Wambo
64%
mit ner {Menge} {Fantasie}
62%
Weißbrot
60%
Vollgas
57%
Benjamin Blümchen
50%
Feu Feu
49%
FUN
49%
Ich bin Thaddäus
46%
ein Hauch von Tüll
43%
Noch n Stück
37%
Oh Kinder, 3 Uhr morgens
34%
Wosten
34%
Plastik
29%
Kann ich was zu essen haben?
25%
die Gedanken
24%
Konzentration
21%
dicke, fette, blöde Kuh
16%
Jetzt ist es Kunst
12%
Anti-S{eerhinozeros}-U{nterhose}
6%
Keine übereinstimmenden Quizze gefunden
Verteilung der Resultate
Anzahl Personen mit jedem Resultat
Perzentil nach korrekt beantworteten Fragen
Ihre Resultats-Entwicklung
Sie haben dieses Quiz noch nicht gespielt